00404nam a2200133Ia 4500008004100000020001500041100002800056245003000084250000800114260003500122300000700157952009100164999001500255211105s9999 xx 000 0 und d aVYASA00481 aAkhandananda Saraswathi 0aAb Ham Shartiya Bolte Hei a1st bSatsahitya prakashan trustc\N a48 00104070aSVYASAbSVYASAd2010-06-20l0p14144r2021-11-09 00:00:00w2021-11-09yBKS c9870d9870